| 000 | 00887cam a22002891 4500 | ||
|---|---|---|---|
| 001 | 12769 | ||
| 003 | BD-RjUL | ||
| 005 | 20211208235343.0 | ||
| 008 | 140129s1965 ilua b 001 0 eng d | ||
| 035 | _a(BD-RjUL)12819 | ||
| 035 | _a(OCoLC)254677 | ||
| 040 |
_aDLC _cOU _dOCoLC _dDLC _d(BD-RjUL) _beng |
||
| 041 | _aeng | ||
| 082 | 0 | 0 |
_a670 _bMOM 1965 |
| 100 | 1 |
_aMoore, Harry D. _939777 |
|
| 245 | 1 | 0 |
_aManufacturing materials and processes / _cby Harry D. Moore and Donald R. Kibbey. |
| 260 |
_aHomewood, Ill. : _bR.D. Irwin, _c1965. |
||
| 300 |
_ax, 570 p. : _billus. ; _c24 cm. |
||
| 490 | 0 | _aThe Irwin series in management | |
| 504 | _aIncludes Bibliography: p. 560-561 and Index | ||
| 650 | 0 |
_aMaterials. _939778 |
|
| 650 | 0 |
_aMetal-work. _939035 |
|
| 700 | 1 |
_aKibbey, Donald R., _ejoint author. _939779 |
|
| 942 |
_2ddc _cBK |
||
| 999 |
_c12769 _d12769 |
||